00662nam a2200169Ia 4500008004100000020001800041041000800059050002100067100002400088245011700112260004200229300003800271650003300309700002400342952011100366999001500477200812s9999 xx 000 0 und d a9780718008499 aeng aBS195b.N38 2006 aBlackaby, Richard  aThe Blackaby study Bible: bpersonal encounters with God through his word /cRichard Blackaby; Henry T. Blackaby aashville, TN : bNelson Bibles,c2006 axvi, 1708 p. :bcol.map.;c25 cm. aBible -- Reference editions. aBlackaby, Henry T.  00104070aGETSbGETScGENd2020-08-12l0oBS195 .N38 2006p00001165r2020-08-12 00:00:00w2020-08-12yBK c2294d2294